000 00357nam a22001337a 4500
020 _a9780205651719
082 _222
_a808.042
100 _aFowler, H. Ramsey and Aaron Jane E.
245 _aThe little brown handbook /
250 _a11th.
260 _aNew York,
_bPearson Education,
_cc2010.
300 _axxvi, 965p. ;
_bill. ;
_c21 cm.
942 _2ddc
_cENG
_01
999 _c1930
_d1930